| Tag |
First Indicator |
Second Indicator |
Subfields |
| LEADER |
00000cam a2200000 4500 |
| 001 |
in00000664621 |
| 005 |
20151015085657.0 |
| 008 |
801006r18391839miu a 00011 eng d |
| 035 |
|
|
|a (OCoLC)06792558
|
| 035 |
|
|
|9 ACY3390AM
|
| 040 |
|
|
|a EEU
|c TXA
|d UtOrBLW
|
| 049 |
|
|
|a TXAI
|
| 090 |
|
|
|a PZ3.H674
|b W
|
| 099 |
|
|
|a film
|a B
|a 1512
|a reel
|a 488.5
|
| 100 |
1 |
|
|a Hoffman, Charles Fenno,
|d 1806-1884.
|
| 245 |
1 |
0 |
|a Wild scenes in the forest and prairie /
|c By C. F. Hoffman.
|
| 264 |
|
1 |
|a London :
|b R. Bentley,
|c 1839.
|
| 300 |
|
|
|a 2 volumes ;
|c 21 cm.
|
| 336 |
|
|
|a text
|b txt
|2 rdacontent
|
| 337 |
|
|
|a microform
|b h
|2 rdamedia
|
| 338 |
|
|
|a microfilm reel
|b hd
|2 rdacarrier
|
| 500 |
|
|
|a Microfilm. Ann Arbor, Mich., University Microfilms [n.d.] (American culture series, Reel 488.5)
|
| 500 |
|
|
|a Microform.
|
| 999 |
|
|
|a MARS
|
| 999 |
f |
f |
|s 7a4439e2-a094-390a-908e-e3c4d3118beb
|i 6071e5ce-5abf-3c42-b318-75bc70138946
|t 0
|
| 952 |
f |
f |
|p default
|a Texas A&M University
|b College Station
|c Sterling C. Evans Library
|d Evans: Microforms (3rd floor)
|t 0
|e film B 1512 reel 488.5
|h Other scheme
|i microform -- microfilm reel
|
| 998 |
f |
f |
|a film B 1512 reel 488.5
|t 0
|l Evans: Microforms (3rd floor)
|